000 02164cam a2200301 a 4500
003 OSt
005 20211119125359.0
008 100714s2010 ck a b 000 0 spa
020 _a9789586954471
040 _aDLC
_cCO-JMCR
041 0 _aspa
043 _as-ck---
082 0 4 _a336.3 /
_bF354p
_223
100 1 _aFergusson, Leopoldo.
_eautor
_929178
245 1 0 _aPolítica fiscal :
_bun enfoque de tributación óptima /
_cLeopoldo Fergusson, Gustavo Suárez.
250 _aPrimera edición
260 _aBogotá, D.C., Colombia :
_bUniversidad de los Andes, Facultad de Economía,
_c2010.
300 _axx, 436 páginas :
_bilustraciones y gráficas en blanco y negro ;
_c24 cm.
490 0 _aColección Cede 50 años
504 _aBibliografía : páginas. [421]-436.
505 0 _a¿Deuda pública o impuestos?. -- Deuda pública. -- Impuestos. -- Política fiscal en América Latina y en Colombia.
520 0 _aSi lo único seguro en la vida son la muerte y los impuestos, debemos agradecer a los autores que traten, al menos, de explicarnos los segundos. Fergusson y Suárez son dos de las mayores promesas de la profesión económica en América Latina, expectativa que se ve corroborada en este libro. Hacen un tremendo esfuerzo expositivo por presentar al lector una visión de 360 grados sobre la materia; exponen con nitidez y accesibilidad tópicos difíciles, y logran que el lector se sienta instruido e iluminado. Esta labor es crítica en una especialidad sujeta a candentes discusiones públicas entre empresarios, jefes de familia y gobiernos, muchas de las cuales deben ser mediadas por congresos desinforma dos sobre el diseño y el impacto de la tributación, el gasto y la deuda pública. A ninguno de estos grupos de lectores, y menos aún a los académicos, profesores y alumnos universitarios, les estaría de más una buena lectura de este volumen, antes de aventurarse de nuevo en opinar sobre cómo manejar las cuentas y las cargas públicas.
650 1 4 _aImpuestos
_941617
650 2 4 _aDeudas, Pública
_941618
650 2 4 _aLa política fiscal
_936752
700 1 _aSuárez, Gustavo.
_eautor
_941619
942 _2ddc
_cBK
999 _c12772
_d12772